000 00719nam a22002297a 4500
003 KOHA_MİRAKIL
005 20260414071403.0
008 260408b tu ||||| |||| 00| 0 tur d
020 _a9751916755
040 _aTR-AnABB
_btur
_cTR-AnABB
041 _atur
082 _a306.34909564
_bDOG 1997
100 1 0 _aDoğanay, Filiz
245 1 0 _aSosyal ve kültürel dönüşme sürecinde Harran Ovası ve GAP uygulaması /
_cFiliz Doğanay
260 _aAnkara :
_bDPT yayıncılık,
_c1997
300 _a101 sayfa ;
_c20 cm
650 0 4 _aEkonomik sosyoloji
650 0 0 _aEkonomik politika
650 0 0 _aEkonomik politika, Türkiye
900 _bCan ÇELIK
942 _2ddc
_cBK
999 _c10185
_d10185